[Event "Newcastle Northumbria Masters"]
[Site "Newcastle on Tyne"]
[Date "2021.08.26"]
[Round "1"]
[White "Tivillier, Jacques"]
[Black "Guthrie, David"]
[Result "0-1"]
[WhiteElo "1829"]
[BlackElo "2165"]
[PlyCount "69"]
[EventDate "2021.08.26"]
[EventType "swiss"]
[EventRounds "9"]
[EventCountry "ENG"]
[SourceTitle "CBM 204 Extra"]
[Source "ChessBase"]
[SourceDate "2021.11.30"]
[SourceVersion "1"]
[SourceVersionDate "2021.11.30"]
[SourceQuality "1"]

1. e4 c5 2. Nf3 d6 3. d4 cxd4 4. Nxd4 Nf6 5. Nc3 a6 6. Bg5 e6 7. f4 Be7 8. Qf3 Qc7 9. 0-0-0 Nbd7 10. Bd3 h6 11. Bh4 g5 12. fxg5 Ne5 13. Qe2 Nfg4 14. Kb1 hxg5 15. Bg3 Bd7 16. h3 Nf6 17. Nf3 b5 18. a3 Rg8 19. Rhf1 Rb8 20. Qe1 a5 21. Ne2 b4 22. axb4 Rxb4 23. Nxe5 dxe5 24. Qc3 Qxc3 25. Nxc3 Bc6 26. Bxe5 Nxe4 27. Nxe4 Bxe4 28. Bxe4 Rxe4 29. Bc7 a4 30. Rd3 g4 31. hxg4 Rgxg4 32. Rh1 Rd4 33. Rxd4 Rxd4 34. Rh8+ Kd7 35. Rh7 0-1

[Event "BCF-chT4S 1819 (4NCL)"]
[Site "England"]
[Date "2019.05.06"]
[Round "11.34"]
[White "Marsh, Roger DW"]
[Black "Tivillier, Jacques"]
[Result "1/2-1/2"]
[WhiteElo "1937"]
[BlackElo "1915"]
[PlyCount "45"]
[EventDate "2018.11.17"]
[EventType "team-swiss"]
[EventRounds "11"]
[EventCountry "ENG"]
[SourceTitle "EXT 2021"]
[Source "ChessBase"]
[SourceDate "2020.10.23"]
[SourceVersion "1"]
[SourceVersionDate "2020.10.23"]
[SourceQuality "1"]
[WhiteTeam "Wessex II"]
[BlackTeam "Celtic Tigers II"]
[WhiteTeamCountry "ENG"]
[BlackTeamCountry "ENG"]

1. g3 e5 2. Bg2 Nc6 3. c4 f5 4. Nc3 Nf6 5. d3 Bb4 6. Bd2 0-0 7. a3 Bxc3 8. Bxc3 d6 9. Nf3 Qe8 10. Qc2 Qh5 11. 0-0-0 Ne7 12. c5 Be6 13. h3 Nd7 14. g4 Qg6 15. gxf5 Qxf5 16. cxd6 cxd6 17. Kb1 Nd5 18. h4 Nxc3+ 19. bxc3 h6 20. Bh3 Qf7 21. Bxe6 Qxe6 22. Qa2 Nc5 23. Qxe6+ 1/2-1/2

[Event "Basingstoke Spring Bank op U1825"]
[Site "Basingstoke"]
[Date "2018.05.27"]
[Round "5.2"]
[White "Tivillier, Jacques"]
[Black "Bovtramovics, Vladimirs"]
[Result "1/2-1/2"]
[WhiteElo "1771"]
[BlackElo "1822"]
[PlyCount "53"]
[EventDate "2018.05.25"]
[EventType "swiss"]
[EventRounds "7"]
[EventCountry "ENG"]
[SourceTitle "EXT 2023"]
[Source "ChessBase"]
[SourceDate "2022.10.05"]
[SourceVersion "1"]
[SourceVersionDate "2022.10.05"]
[SourceQuality "1"]

1. e4 Nc6 2. Bb5 a6 3. Bxc6 dxc6 4. d3 e5 5. h3 Bd6 6. Nf3 c5 7. a4 Ne7 8. Nbd2 0-0 9. Nc4 Nc6 10. 0-0 Bd7 11. b3 b5 12. axb5 axb5 13. Rxa8 Qxa8 14. Ne3 Ne7 15. Bb2 Ng6 16. Ng4 f6 17. Bc1 f5 18. exf5 Rxf5 19. Ne3 Rf8 20. Ng5 h6 21. Ne4 Nf4 22. Ng4 Qe8 23. Bxf4 exf4 24. Nxd6 cxd6 25. f3 Bxg4 26. hxg4 Qe3+ 27. Rf2 1/2-1/2

[Event "Basingstoke Spring Bank op U1825"]
[Site "Basingstoke"]
[Date "2018.05.27"]
[Round "4.8"]
[White "Tivillier, Jacques"]
[Black "Sartain, Patrick"]
[Result "1-0"]
[WhiteElo "1771"]
[BlackElo "1541"]
[PlyCount "79"]
[EventDate "2018.05.25"]
[EventType "swiss"]
[EventRounds "7"]
[EventCountry "ENG"]
[SourceTitle "EXT 2023"]
[Source "ChessBase"]
[SourceDate "2022.10.05"]
[SourceVersion "1"]
[SourceVersionDate "2022.10.05"]
[SourceQuality "1"]

1. g3 Nf6 2. Bg2 c6 3. f4 g6 4. Nf3 Bg7 5. d3 e6 6. e3 0-0 7. 0-0 d6 8. Kh1 Nbd7 9. e4 Ng4 10. h3 Nh6 11. Nc3 Nf6 12. g4 Nfxg4 13. hxg4 Nxg4 14. Nh2 Nxh2 15. Kxh2 f5 16. Qe1 fxe4 17. dxe4 a5 18. a4 h6 19. Qg3 Kh7 20. Kh1 d5 21. Ne2 b6 22. Rg1 Ra7 23. Bf3 Qf6 24. Be3 g5 25. Raf1 Qg6 26. e5 Raf7 27. Qg4 c5 28. Ng3 Rxf4 29. Bxf4 Rxf4 30. Qh5 Rh4+ 31. Qxh4 gxh4 32. Nh5 Qxg1+ 33. Rxg1 Bxe5 34. c3 Bd7 35. Re1 Bh8 36. Nf4 Bxa4 37. Rxe6 d4 38. Rxb6 c4 39. Rb7+ Bg7 40. Ne6 1-0

[Event "London Classic op"]
[Site "London"]
[Date "2017.12.03"]
[Round "3"]
[White "Sielicki, Tomasz"]
[Black "Tivillier, Jacques"]
[Result "1/2-1/2"]
[WhiteElo "2001"]
[BlackElo "1751"]
[PlyCount "118"]
[EventDate "2017.12.02"]
[EventType "swiss"]
[EventRounds "9"]
[EventCountry "ENG"]
[SourceTitle "CBM 182 Extra"]
[Source "ChessBase"]
[SourceDate "2018.02.23"]
[SourceVersion "1"]
[SourceVersionDate "2018.02.23"]
[SourceQuality "1"]

1. d4 e6 2. Bf4 f5 3. e3 Nf6 4. Bd3 b6 5. c4 Bb7 6. f3 Nh5 7. Bg3 Nxg3 8. hxg3 Qg5 9. Kf2 g6 10. Nc3 Bg7 11. Nge2 Nc6 12. Qb3 0-0 13. Rh3 h6 14. c5 Kh7 15. cxb6 axb6 16. Nb5 Rac8 17. Rah1 e5 18. f4 exf4 19. gxf4 Qe7 20. a3 Na5 21. Qd1 c5 22. dxc5 bxc5 23. Bb1 d5 24. Nbc3 Rcd8 25. Ba2 d4 26. exd4 cxd4 27. Nb5 Qe4 28. Rf3 Qe8 29. Nc7 Qe7 30. Ne6 Bxf3 31. Nxf8+ Qxf8 32. gxf3 d3 33. Nc3 Qc5+ 34. Kg3 Nc4 35. b4 Qc8 36. Nb1 Ne3 37. Qd2 Nc4 38. Bxc4 Qxc4 39. Rd1 h5 40. Qc1 Qd4 41. b5 h4+ 42. Kg2 Re8 43. Re1 Re2+ 44. Rxe2 dxe2 45. Qe1 Qxf4 46. Qxe2 Qg3+ 47. Kh1 Qh3+ 48. Qh2 Qxf3+ 49. Qg2 Qd1+ 50. Qg1 Qd5+ 51. Qg2 Qxb5 52. Nd2 Qa4 53. Nf3 Bf6 54. Ng5+ Bxg5 55. Qxg5 Qxa3 56. Qxh4+ Kg8 57. Qf6 Qh3+ 58. Kg1 Qg3+ 59. Kh1 Kh7 1/2-1/2

[Event "Crawley e2e4 Gatwick op U1850"]
[Site "Crawley"]
[Date "2016.05.30"]
[Round "6"]
[White "Willett, Greg Murray"]
[Black "Tivillier, Jacques"]
[Result "0-1"]
[WhiteElo "1690"]
[BlackElo "1699"]
[PlyCount "54"]
[EventDate "2016.05.27"]
[EventType "swiss"]
[EventRounds "7"]
[EventCountry "ENG"]
[SourceTitle "EXT 2019"]
[Source "ChessBase"]
[SourceDate "2018.10.10"]
[SourceVersion "1"]
[SourceVersionDate "2018.10.10"]
[SourceQuality "1"]

1. c4 e5 2. g3 Nc6 3. Bg2 f5 4. d3 Nf6 5. Nc3 Bb4 6. Bd2 0-0 7. a3 Bxc3 8. Bxc3 d6 9. e3 f4 10. gxf4 exf4 11. Bxc6 fxe3 12. fxe3 bxc6 13. Qd2 Ne4 14. dxe4 Qh4+ 15. Kd1 Rf1+ 16. Kc2 Rxa1 17. Qg2 Qe7 18. b4 Ra2+ 19. Bb2 Qe5 20. Kb3 Rxb2+ 21. Qxb2 Qxe4 22. Nf3 Qxf3 23. Re1 Bf5 24. Qd2 a5 25. bxa5 Rb8+ 26. Ka4 Qe4 27. Qc3 Qc2+ 0-1

[Event "Jersey op"]
[Site "St Clement Bay"]
[Date "2015.03.19"]
[Round "7"]
[White "Tivillier, Jacques"]
[Black "Krasenkova, Ilena"]
[Result "0-1"]
[WhiteElo "1656"]
[BlackElo "2083"]
[PlyCount "66"]
[EventDate "2015.03.15"]
[EventType "swiss"]
[EventRounds "9"]
[EventCountry "GCI"]
[SourceTitle "CBM 165 Extra"]
[Source "ChessBase"]
[SourceDate "2015.04.21"]
[SourceVersion "1"]
[SourceVersionDate "2015.04.21"]
[SourceQuality "1"]

1. e4 d5 2. exd5 Qxd5 3. Nf3 Nf6 4. d4 Bg4 5. Be2 Nc6 6. c4 Qd7 7. Be3 e6 8. 0-0 Be7 9. Nc3 0-0 10. h3 Bxf3 11. Bxf3 Rfd8 12. Bxc6 Qxc6 13. Qe2 Ne4 14. Qc2 Nd6 15. b3 Nf5 16. Rad1 Bf6 17. Ne2 Nh4 18. Nf4 Nf5 19. Ne2 h6 20. b4 b5 21. d5 Nxe3 22. fxe3 exd5 23. c5 Qe6 24. Rd3 c6 25. Nd4 Bxd4 26. exd4 a5 27. a3 axb4 28. axb4 Re8 29. Rdf3 Ra7 30. Qf2 Rae7 31. Qg3 Qe4 32. Rf6 Qxd4+ 33. Kh1 Re1 0-1

[Event "Jersey op"]
[Site "St Clement Bay"]
[Date "2015.03.17"]
[Round "4"]
[White "Tivillier, Jacques"]
[Black "Houska, Jovanka"]
[Result "0-1"]
[WhiteElo "1656"]
[BlackElo "2391"]
[PlyCount "54"]
[EventDate "2015.03.15"]
[EventType "swiss"]
[EventRounds "9"]
[EventCountry "GCI"]
[SourceTitle "CBM 165 Extra"]
[Source "ChessBase"]
[SourceDate "2015.04.21"]
[SourceVersion "1"]
[SourceVersionDate "2015.04.21"]
[SourceQuality "1"]

1. e4 c6 2. d4 d5 3. Nc3 dxe4 4. Nxe4 Bf5 5. Ng3 Bg6 6. h4 h6 7. h5 Bh7 8. Nf3 e6 9. Bd3 Bxd3 10. Qxd3 Nf6 11. Bd2 c5 12. 0-0-0 Nc6 13. c3 cxd4 14. cxd4 Qd5 15. Kb1 Be7 16. Rhe1 Rd8 17. Bc3 0-0 18. Ne5 Nxe5 19. Rxe5 Qxg2 20. Nf5 exf5 21. Rxe7 Nd5 22. Re5 f4 23. Bd2 Rfe8 24. f3 Ne3 25. Rxe8+ Rxe8 26. Qb5 Rd8 27. Bxe3 fxe3 0-1

[Event "BCF-chT2 0708 (4NCL)"]
[Site "Sunningdale"]
[Date "2008.05.04"]
[Round "10.4"]
[White "Tymrakiewicz, Rafal"]
[Black "Tivillier, Jacques"]
[Result "1-0"]
[WhiteElo "2269"]
[BlackElo "1900"]
[PlyCount "103"]
[EventDate "2007.09.15"]
[EventType "team-tourn"]
[EventRounds "11"]
[EventCountry "ENG"]
[SourceTitle "EXT 2023"]
[Source "ChessBase"]
[SourceDate "2022.10.05"]
[SourceVersion "1"]
[SourceVersionDate "2022.10.05"]
[SourceQuality "1"]
[WhiteTeam "Guildford III"]
[BlackTeam "Hilsmark Kingfisher II"]
[WhiteTeamCountry "ENG"]
[BlackTeamCountry "ENG"]

1. d4 d5 2. c4 e6 3. Nc3 Nf6 4. Nf3 Be7 5. Bg5 h6 6. Bh4 Ne4 7. Bxe7 Qxe7 8. Qc2 Nxc3 9. Qxc3 dxc4 10. Qxc4 Nc6 11. Rc1 Qb4+ 12. Qxb4 Nxb4 13. a3 Nc6 14. e4 Bd7 15. Bb5 0-0-0 16. 0-0 Rhe8 17. Rc5 Ne7 18. Bxd7+ Rxd7 19. Rd1 f6 20. Kf1 Red8 21. Ke2 Kb8 22. Ke3 b6 23. Rc4 c5 24. Rdc1 cxd4+ 25. Rxd4 e5 26. Rxd7 Rxd7 27. g3 Kb7 28. Ne1 Nc6 29. f4 Nd4 30. fxe5 fxe5 31. Nd3 Re7 32. Nxe5 Nb3 33. Rc3 Nc5 34. Kd4 Ne6+ 35. Kd5 Nc7+ 36. Kd6 Re6+ 37. Kd7 Rxe5 38. Rxc7+ Ka6 39. Rc4 b5 40. Rd4 Kb6 41. Kd6 Re8 42. Kd5 Rd8+ 43. Ke5 Re8+ 44. Kf4 Re7 45. e5 Rf7+ 46. Ke3 Re7 47. Ke4 Kc6 48. b4 Re6 49. Rd3 g6 50. h4 h5 51. Rf3 Kd7 52. Rf7+ 1-0

[Event "BCF-chT2 0708 (4NCL)"]
[Site "Sunningdale"]
[Date "2007.11.10"]
[Round "3.7"]
[White "Burnett, Jim"]
[Black "Tivillier, Jacques"]
[Result "1-0"]
[WhiteElo "2190"]
[BlackElo "1900"]
[PlyCount "73"]
[EventDate "2007.09.15"]
[EventType "team-tourn"]
[EventRounds "11"]
[EventCountry "ENG"]
[SourceTitle "EXT 2023"]
[Source "ChessBase"]
[SourceDate "2022.10.05"]
[SourceVersion "1"]
[SourceVersionDate "2022.10.05"]
[SourceQuality "1"]
[WhiteTeam "White Rose"]
[BlackTeam "Hilsmark Kingfisher II"]
[WhiteTeamCountry "ENG"]
[BlackTeamCountry "ENG"]

1. d4 d5 2. c4 e6 3. Nc3 Nf6 4. Bg5 Be7 5. e3 0-0 6. Nf3 Nbd7 7. Rc1 h6 8. Bh4 b6 9. cxd5 exd5 10. Bd3 Bb7 11. 0-0 c5 12. Re1 Rc8 13. Bf5 g6 14. Bb1 Ne4 15. Bxe7 Qxe7 16. Nd2 Ndf6 17. Ndxe4 dxe4 18. Qa4 Bc6 19. Qa3 Ba8 20. Nb5 a5 21. dxc5 Rxc5 22. Rxc5 Qxc5 23. Qxc5 bxc5 24. Rd1 Rb8 25. Nc3 Kg7 26. b3 Rc8 27. Na4 Bb7 28. h3 c4 29. Nb6 Rc5 30. Nxc4 Bd5 31. Nb6 Be6 32. Kh2 Rb5 33. Na4 Rb4 34. Nc3 h5 35. Rd4 Bf5 36. h4 Ng4+ 37. Kg3 1-0